000 00570nam a2200205Ia 4500
005 20250508162842.0
008 008 250505s9999 xx 000 0 eng d
020 _a81-7024-007-7
037 _aTextual
040 _aFEDL
_beng
_cFEDL
041 _aeng
_2eng
084 _a420.7, KHA
_qFEDL
100 _aInayat Khan
245 0 _aResearch in teaching of English
260 _aNew Delhi, India
_bAshish Publishing House
_c1990
300 _avi,220p
546 _aA handbook for teachers
942 _cTEXL
_h420.7, KHA
999 _c1379044
_d1379044